000 00466nam a2200181Ia 4500
001 16338
005 20260306170302.0
008 260306t2011||||xx |||||||||||||| ||und||
041 _aESP
082 _a348.4
_bA172
100 _aArdito Vega, Wilfredo Jesûs
_eAUT
245 0 _aLa promoción del acceso a la justicia en las zonas rurales
260 _c2011
300 _a316 páginas :
_c29 cm.
650 _aGEN
654 _aCDE
942 _cLIB
_dJUS
_fJUS
_2ddc
_n
999 _c16338
_d16338